Informe sobre los efectos y consecuencias del empleo del Ethrel (ácido 2-cloroetil fosfónico) en el café /

محفوظ في:
التفاصيل البيبلوغرافية
المؤلف الرئيسي: Cléves Serrano, Rodrigo
مؤلفون آخرون: Canet Brenes, Guillermo, Pérez González, Juan, Campos, Carlos Fernando
التنسيق: نص
منشور في: San José: Oficina del Café
الوسوم: إضافة وسم
لا توجد وسوم, كن أول من يضع وسما على هذه التسجيلة!

MARC

LEADER 00000 a a2200000 04500
001 15849
003
040
090 |a 026200  
100 |a Cléves Serrano, Rodrigo  
245 |a Informe sobre los efectos y consecuencias del empleo del Ethrel (ácido 2-cloroetil fosfónico) en el café /  |c Rodrigo Cléves Serrano 
260 |a San José:   |b Oficina del Café  
300 |a 12 p.  
700 |a Canet Brenes, Guillermo  
700 |a Pérez González, Juan  
700 |a Campos, Carlos Fernando  
999 |c 9147  |d 9147